[Event "GRE-ch Online Rapid op 1st"]
[Site "Tornelo INT"]
[Date "2021.02.06"]
[Round "4"]
[White "Chalikias, Miltiadis"]
[Black "Seretis, Nikolaos G"]
[Result "0-1"]
[WhiteElo "1590"]
[BlackElo "1029"]
[PlyCount "114"]
[EventDate "2021.02.06"]
[EventType "swiss (rapid)"]
[EventRounds "8"]
[EventCountry "GRE"]
[SourceTitle "EXT 2023"]
[Source "ChessBase"]
[SourceDate "2022.10.05"]
[SourceVersion "1"]
[SourceVersionDate "2022.10.05"]
[SourceQuality "1"]

1. e4 e5 2. Nf3 Nc6 3. c3 Nf6 4. d4 exd4 5. e5 Nd5 6. cxd4 Bb4+ 7. Bd2 Bxd2+ 8. Qxd2 0-0 9. Bd3 d6 10. 0-0 dxe5 11. Nxe5 Nxe5 12. dxe5 Nb4 13. Bxh7+ Kxh7 14. Qxb4 Re8 15. f4 Kg8 16. Nc3 Rb8 17. Rad1 Qh4 18. Nb5 c6 19. Nd6 Rd8 20. Qc5 a6 21. f5 Bd7 22. Rd4 Qg5 23. Rdf4 Qh5 24. Qc4 Rf8 25. Rh4 Qg5 26. Rhf4 b5 27. Qb3 c5 28. Qd5 Rb6 29. Qxc5 Rc6 30. Qd5 Rc2 31. R4f2 Bc6 32. Nxf7 Rxf7 33. Qd6 Bxg2 34. h4 Qg4 35. Qd8+ Kh7 36. Qg5 Qxg5 37. hxg5 Kg8 38. Rxc2 Bxf1 39. Kxf1 Rxf5+ 40. Kg1 Rxg5+ 41. Kf2 Rxe5 42. Rc6 a5 43. Ra6 a4 44. Ra5 Rc5 45. a3 Rc2+ 46. Ke3 Rxb2 47. Kf4 Rb3 48. Ke5 Rxa3 49. Rxb5 Ra1 50. Kf5 a3 51. Kg6 Kf8 52. Rb8+ Ke7 53. Kxg7 a2 54. Rb7+ Kd6 55. Rb6+ Kc5 56. Rb8 Rg1+ 57. Kf7 a1Q 0-1